000 00687nam a2200181 i 4500
001 106164
003 ES-MaACL
005 20230906184054.0
007 t|
008 061004s1869 sp ||||1| spa d
080 _a364-57(460):615.838
245 0 0 _aExposición dirigida al Excmo. Sr. Ministro de la Gobernación por los que suscriben médicos-directores en propiedad de establecimientos minero-medicinales proponiendo bases para la reforma definitiva de la legislación balnearia.
260 _aMadrid :
_b[s.n.],
_c1869 (
_fRivadeneyra)
300 _a33 p. ;
_c25 cm.
650 4 _aBalnearios-
_zEspaña.
_9162099
852 4 _aES-MaACL
_jT-96-F-10
852 4 _aES-MaACL
_jT-103-F-4
999 _c106164
_d106164